000 00703nam a2200229Ii 4500
003 JO-AjNU
008 230605s9999||||xx |||||||||||||| ||und||
017 _a2005/1/73
020 _a9957-07-424-5
040 _aJO-AjNU
_bara
_erda
_cJO-AjNU
041 _aara
050 1 4 _aLB1060.Q283 2005
100 3 _aقطامي،يوسف محمود,
_eauthor
_931442
245 0 0 _aنظريات التعلم والتعليم=Learning and Instructional Theories
250 _aط1
264 3 1 _aعمان:دار الفكر،2005
300 _a376ص
336 _atext
_btxt
_2rdacontent
337 _aunmediated
_bn
_2rdamedia
338 _avolume
_bnc
_2rdacarrier
650 4 _aالتعلم-فلسفة
_931443
999 _aA12577
_c16145
_d16145